|
|
|
|
| LEADER |
00000nam0a2200000 4500 |
| 001 |
215115 |
| 005 |
20231101225939.0 |
| 010 |
|
|
|a 9785955802312
|
| 010 |
|
|
|a 978-5-16-005121-5
|
| 035 |
|
|
|a (RuTPU)RU\TPU\book\235012
|
| 090 |
|
|
|a 215115
|
| 100 |
|
|
|a 20120504d2012 m y0rusy50 ca
|
| 101 |
0 |
|
|a rus
|
| 102 |
|
|
|a RU
|
| 105 |
|
|
|a a j 001zy
|
| 200 |
1 |
|
|a Экономика фирмы
|e учебник для вузов
|f А. М. Магомедов, М. И. Маллаева
|
| 205 |
|
|
|a 2-е изд., доп.
|
| 210 |
|
|
|a Москва
|c Вузовский учебник
|c Инфра-М
|d 2012
|
| 215 |
|
|
|a 432 с.
|c ил.
|
| 225 |
1 |
|
|a Вузовский учебник
|
| 320 |
|
|
|a Библиогр.: с. 429.
|
| 330 |
|
|
|a Учебник подготовлен в соответствии с федеральными государственными образовательными стандартами высшего профессионального образования экономических специальностей. Содержит весь комплекс вопросов экономики фирмы (предприятия) и ставит задачу формирования у будущих специалистов знаний и навыков в области управления, теории и практики хозяйственной деятельности фирм. Рассматриваются условия функционирования фирмы в рыночной среде, ресурсное обеспечение, механизм хозяйствования и стратегия ее развития. По каждой теме излагается теоретический материал в виде конспекта лекций и приводятся примеры, тесты и задачи. Для студентов, бакалавров, магистрантов, аспирантов и преподавателей экономических вузов и специальностей. Книга может быть полезна как специалистам, так и самостоятельно изучающим экономику предприятия.
|
| 606 |
1 |
|
|a Фирмы
|x Экономика
|2 stltpush
|3 (RuTPU)RU\TPU\subj\37240
|9 58338
|
| 610 |
1 |
|
|a предприятия
|
| 610 |
1 |
|
|a предпринимательская деятельность
|
| 610 |
1 |
|
|a рыночная экономика
|
| 610 |
1 |
|
|a производство
|
| 610 |
1 |
|
|a организационная структура
|
| 610 |
1 |
|
|a внеоборотные активы
|
| 610 |
1 |
|
|a оборотные средства
|
| 610 |
1 |
|
|a труд
|
| 610 |
1 |
|
|a трудовые ресурсы
|
| 610 |
1 |
|
|a мотивация
|
| 610 |
1 |
|
|a продукция
|
| 610 |
1 |
|
|a расходы
|
| 610 |
1 |
|
|a себестоимость
|
| 610 |
1 |
|
|a доходы
|
| 610 |
1 |
|
|a прибыль
|
| 610 |
1 |
|
|a рентабельность
|
| 610 |
1 |
|
|a ценообразование
|
| 610 |
1 |
|
|a ценовая политика
|
| 610 |
1 |
|
|a налогообложение
|
| 610 |
1 |
|
|a финансовое состояние
|
| 610 |
1 |
|
|a инвестиционная политика
|
| 610 |
1 |
|
|a инновационная деятельность
|
| 610 |
1 |
|
|a планирование
|
| 610 |
1 |
|
|a логистические системы
|
| 610 |
1 |
|
|a риски
|
| 610 |
1 |
|
|a банкротство
|
| 610 |
1 |
|
|a тесты
|
| 610 |
1 |
|
|a учебники
|
| 686 |
|
|
|a У9(2)29я73
|v LBC/SL-A
|2 rubbk
|
| 700 |
|
1 |
|a Магомедов
|b А. М.
|
| 701 |
|
1 |
|a Маллаева
|b М. И.
|
| 801 |
|
1 |
|a RU
|b 63413507
|c 20120504
|
| 801 |
|
2 |
|a RU
|b 63413507
|c 20150527
|g RCR
|
| 900 |
|
|
|a Экономика фирмы (предприятия)
|
| 942 |
|
|
|c BK
|
| 951 |
|
|
|b 080100
|
| 959 |
|
|
|a 69/20120502
|d 2
|e 359,90
|f ЧЗГЛ:1
|f АНЛ:1
|